000 00901nam a22001937a 4500
003 BR-ViAPE
005 20260505114300.0
008 260505s1961 por gs||||s000 0 por d
040 _cBR-ViAPE
110 _aEspírito Santo
_bEstado
245 _aMensagem apresentada à Assembleia Legislativa Estadual por ocasião da abertura da sessão legislativa de 1961 pelo Dr. Carlos Fernando M. Lindenberg Governador do Estado
260 _a[s.l.]
_b[s.n.]
_c1961
300 _a226 p.
_bDocumento digitalizado (PDF)
500 _aDocumento digitalizado do acervo institucional do Arquivo Público do Estado do Espírito Santo - APEES.
650 _aAdministração pública
_zEspírito Santo
651 _aEspírito Santo
_xAdministração pública
856 _uhttps://ape.es.gov.br/Media/ape/PDF/Mensagens/Mensagem-2024/mensagem%201961-1.pdf
_yCLIQUE AQUI PARA ACESSAR O DOCUMENTO
942 _2ddc
_cMSGREL
_n1
999 _c583
_d583